Guess the President - Statistics

General Stats
  • This quiz has been taken 12 times
  • The average score is 21 of 45
Answer Stats
Hint Answer % Correct
Anti-Slavery Abraham Lincoln
100%
Hawaiian Barack Obama
100%
Terrorism George W. Bush
100%
Coronavirus Joseph Biden
100%
Operation Overlord General Dwight D. Eisenhower
89%
Polio Franklin D. Roosevelt
89%
Watergate Richard Nixon
89%
MAGA Donald J. Trump
78%
Dam Herbert Hoover
78%
Longest Lived President Jimmy Carter
78%
Declaration of Independence Thomas Jefferson
78%
Lewinsky Scandal Bill Clinton
67%
Mount Vernon George Washington
67%
Catholic Martyr? John F. Kennedy
67%
Civil Rights Act Lyndon B. Johnson
67%
Shortest Term William Henry Harrison
67%
300 pounds William Howard Taft
67%
Old Hickory Andrew Jackson
56%
First Split Term Grover Cleveland
56%
WWI Veteran Harry S. Truman
56%
Like a Cartoon Cat James A. Garfield
56%
Big Stick Theodore Roosevelt
56%
Teapot Warren G. Harding
56%
5'4" James Madison
44%
$50 Ulysses S. Grant
44%
Like a Truck Gerald Ford
33%
Era of Good Feelings James Monroe
33%
OG VP John Adams
33%
First Photographed President John Quincy Adams
33%
Poppy George H. W. Bush
22%
President After First Succession John Tyler
22%
Spanish-American War William McKinley
22%
Old Rough and Ready Zachary Taylor
22%
No Formal Schooling Andrew Johnson
11%
The Human Iceberg Benjamin Harrison
11%
Born on Independence Day Calvin Coolidge
11%
Dude President Chester A. Arthur
11%
Hit an Old Lady with a Horse Franklin Pierce
11%
Like a Marvel Superhero James Buchanan
11%
Dark Horse James K. Polk
11%
OK Martin Van Buren
11%
Married his Teacher Millard Fillmore
11%
First Easter Egg Roll Rutherford B. Hayes
11%
Beat the Zero Factor Ronald Reagan
0%
Weasel Words Woodrow Wilson
0%
No matching quizzes found
Score Distribution
Percent of People with Each Score
Percentile by Number Answered
Your Score History
You have not taken this quiz